Islam and open society: fidelity and movement in the philosophy of Muhammad Igbal (Record no. 48374)

MARC details
000 -LEADER
fixed length control field 00862nam a2200181 a 4500
008 - FIXED-LENGTH DATA ELEMENTS--GENERAL INFORMATION
fixed length control field 110616s2010 ||||||||||||||||| || u
020 ## - INTERNATIONAL STANDARD BOOK NUMBER
International Standard Book Number 9782869783058
050 ## - LIBRARY OF CONGRESS CALL NUMBER
Classification number CODESRIA(02)
100 ## - MAIN ENTRY--PERSONAL NAME
Personal name Diagne, Soulemane Bachir
245 10 - TITLE STATEMENT
Title Islam and open society: fidelity and movement in the philosophy of Muhammad Igbal
Statement of responsibility, etc. By Souleymane Bachir Diagne and translated by Melissa McMahon
260 ## - PUBLICATION, DISTRIBUTION, ETC.
Place of publication, distribution, etc. Oxford
Name of publisher, distributor, etc. Council for the Development of Social Research in Africa (CODESRIA)
Date of publication, distribution, etc. 2010
300 ## - PHYSICAL DESCRIPTION
Extent xv, 71p.
350 ## - PRICE (NR) (BK AM CF MU VM SE) [OBSOLETE]
Price 0.00
650 ## - SUBJECT ADDED ENTRY--TOPICAL TERM
Topical term or geographic name entry element ISLAM AND POLITICS--HISTORY--20TH CENTURY
650 ## - SUBJECT ADDED ENTRY--TOPICAL TERM
Topical term or geographic name entry element RELIGION
710 ## - ADDED ENTRY--CORPORATE NAME
Corporate name or jurisdiction name as entry element Council for the Development of Social Science Research in Africa (CODESRIA)
995 ## - RECOMMENDATION 995 [LOCAL, UNIMARC FRANCE]
-- 0.00
-- CBU-MAIN LIBRARY (Kitwe)
-- 1
-- 0.00
-- 1
-- AVAILABLE
-- Jun 17, 2011
-- International Publications
Holdings
Withdrawn status Lost status Source of classification or shelving scheme Damaged status Not for loan Home library Current library Shelving location Date acquired Total Checkouts Full call number Barcode Date last seen Price effective from Koha item type
          CBU-MAIN LIBRARY, KITWE. CBU-MAIN LIBRARY, KITWE.   11/30/2022   CODESRIA(02) 03007927 11/30/2022 11/30/2022 MONOGRAPH